[Event "Linares Anibal op 07th"]
[Site "Linares"]
[Date "2000.01.15"]
[Round "9"]
[White "Aronian, Levon"]
[Black "Fernandez Romero, Ernesto"]
[Result "1-0"]
[WhiteElo "2518"]
[BlackElo "2214"]
[Annotator "Alterman,B"]
[PlyCount "57"]
[EventDate "2000.01.07"]
[EventType "swiss"]
[EventRounds "10"]
[EventCountry "ESP"]
[SourceTitle "CBM 075"]
[Source "ChessBase"]
[SourceDate "2000.04.05"]
[SourceVersion "1"]
[SourceVersionDate "2000.04.05"]
[SourceQuality "1"]

1. Nf3 Nf6 2. g3 b5 3. Bg2 Bb7 4. O-O e6 5. d4 c5 6. Na3 a6 ({RR} 6... b4 7.
Nc4 cxd4 8. Qxd4 d5 9. Nce5 Be7 10. c4 O-O 11. Bg5 h6 12. Bxf6 Bxf6 13. cxd5
Qxd5 14. Qxb4 Na6 15. Qf4 Rad8 16. Nd3 Nc5 17. Nxc5 Qxc5 18. Rac1 Qa5 19. Qc7
Qa6 20. Nh4 Bxg2 21. Nxg2 Rc8 22. Qd7 Rxc1 23. Rxc1 Rd8 24. Qc7 Qxe2 {0-1
Andersson,U-Nikolic,P/Monte Carlo 1997/CBM 57 ext (32)}) 7. c4 b4 8. Nc2 Qb6 ({
RR} 8... cxd4 9. Ncxd4 Be7 10. Bf4 O-O 11. Rc1 d6 12. Bd2 a5 13. Nb5 h6 14. Bf4
e5 15. Be3 Nc6 16. Nd2 Ng4 17. Ne4 Nxe3 18. fxe3 Qb6 19. Nbxd6 Qxe3+ 20. Kh1
Bxd6 21. Nxd6 Rad8 22. c5 Ba8 23. Qd3 {Ellers,H-Koehn,P/Germany 1998/GER-chT/1/
2-1/2 (85)}) 9. b3 $146 ({RR} 9. Bg5 cxd4 10. Bxf6 gxf6 11. Qxd4 Qxd4 12. Nfxd4
Bxg2 13. Kxg2 f5 14. a3 bxa3 15. b4 Ra7 16. Rxa3 Rb7 17. Rb1 Be7 18. Re3 d6 19.
b5 O-O 20. Rbb3 axb5 21. cxb5 Rc8 22. Rec3 Rxc3 23. Rxc3 Bf6 {Veingold,
A-Illescas Cordoba,M/Linares 1991/EXT 2000/1/2-1/2 (40)}) 9... d6 10. Ne3 cxd4
11. Qxd4 Nbd7 12. a3 d5 13. axb4 Bxb4 14. Qxb6 Nxb6 15. Ne1 O-O (15... Bc3 16.
Ra2 O-O 17. Rc2 Bxe1 18. Rxe1 $16) 16. Nd3 a5 $2 {[%mdl 8192]} (16... Bc3 17.
Ra2 Nbd7 18. Rc2 Bd4 19. cxd5 Bxe3 20. Bxe3 Bxd5 $14) 17. Nxb4 axb4 18. Bd2 $18
Rfc8 19. Bxb4 Bc6 20. Bc5 Nfd7 21. Rxa8 Bxa8 22. Bd4 f6 23. Bh3 f5 24. Ra1 dxc4
25. bxc4 g5 26. Ra7 g4 27. Bg2 Bxg2 28. Kxg2 h5 29. Rb7 1-0

[Event "Linares Anibal op 07th"]
[Site "Linares"]
[Date "2000.01.16"]
[Round "10"]
[White "Salmensuu, Olli"]
[Black "Aronian, Levon"]
[Result "0-1"]
[WhiteElo "2418"]
[BlackElo "2587"]
[PlyCount "72"]
[EventDate "2000.01.07"]
[EventType "swiss"]
[EventRounds "10"]
[EventCountry "ESP"]
[SourceTitle "CBM 075"]
[Source "ChessBase"]
[SourceDate "2000.04.05"]
[SourceVersion "1"]
[SourceVersionDate "2000.04.05"]
[SourceQuality "1"]

1. e4 c5 2. Nf3 d6 3. d4 cxd4 4. Nxd4 Nf6 5. Nc3 a6 6. Be3 e5 7. Nb3 Be6 8. f3
Be7 9. Qd2 Nbd7 10. g4 h6 11. O-O-O b5 12. Kb1 Nb6 13. h4 b4 14. Bxb6 Qxb6 15.
Nd5 Nxd5 16. exd5 Bd7 17. Bd3 a5 18. Be4 O-O 19. Nc1 Rac8 20. Ne2 a4 21. Ng3 a3
22. b3 Qc5 23. Nf5 Bxf5 24. gxf5 Bf6 25. Rh2 Rfd8 26. Qe1 Rd7 27. Qd2 Rdc7 28.
Qe1 Kf8 29. Qd2 Qb6 30. Qe1 Rc3 31. Re2 Qc5 32. Kc1 Rxb3 33. axb3 Bxh4 34. Qxh4
a2 35. c3 a1=Q+ 36. Bb1 Qcxc3+ 0-1

[Event "Ubeda op 5th"]
[Site "Ubeda"]
[Date "2000.01.19"]
[Round "1"]
[White "Bjerring, Kai"]
[Black "Aronian, Levon"]
[Result "0-1"]
[WhiteElo "2276"]
[BlackElo "2587"]
[PlyCount "48"]
[EventDate "2000.01.19"]
[EventType "swiss"]
[EventRounds "10"]
[EventCountry "ESP"]
[SourceTitle "CBM 075"]
[Source "ChessBase"]
[SourceDate "2000.04.05"]
[SourceVersion "1"]
[SourceVersionDate "2000.04.05"]
[SourceQuality "1"]

1. e4 c5 2. f4 g6 3. Nf3 Bg7 4. Nc3 Nc6 5. g3 Rb8 6. Bg2 b5 7. O-O d6 8. d3 b4
9. Ne2 Qb6 10. Kh1 e6 11. a3 a5 12. axb4 axb4 13. c3 Nge7 14. Be3 O-O 15. Qc2
Ba6 16. Rfd1 Ra8 17. Bg1 Rfb8 18. g4 Bb5 19. c4 Ba4 20. Rxa4 b3 21. Qc1 Rxa4
22. f5 Ra2 23. Nc3 Qa5 24. e5 Nxe5 0-1

[Event "Ubeda op 5th"]
[Site "Ubeda"]
[Date "2000.01.22"]
[Round "4"]
[White "Aronian, Levon"]
[Black "Bick, John D"]
[Result "1/2-1/2"]
[WhiteElo "2587"]
[BlackElo "2266"]
[PlyCount "73"]
[EventDate "2000.01.19"]
[EventType "swiss"]
[EventRounds "10"]
[EventCountry "ESP"]
[SourceTitle "CBM 075"]
[Source "ChessBase"]
[SourceDate "2000.04.05"]
[SourceVersion "1"]
[SourceVersionDate "2000.04.05"]
[SourceQuality "1"]

1. Nf3 Nf6 2. g3 e6 3. Bg2 d5 4. O-O Be7 5. d4 O-O 6. c4 dxc4 7. Qc2 a6 8. a4
c5 9. dxc5 Nc6 10. Na3 Bxc5 11. Nxc4 Qe7 12. b3 Nd5 13. Bb2 Rd8 14. Rac1 Ndb4
15. Qc3 Nd4 16. Nxd4 Bxd4 17. Qxd4 Rxd4 18. Bxd4 Nc6 19. Be3 e5 20. Nb6 Rb8 21.
Bc5 Qf6 22. Nd5 Qd8 23. Rfd1 Bd7 24. Nb6 Nd4 25. Nxd7 Qxd7 26. e3 Ne2+ 27. Kf1
Qg4 28. h3 Nxg3+ 29. fxg3 Qxg3 30. Rd7 h5 31. Ba7 Re8 32. Rxb7 Rd8 33. h4 g5
34. Rb8 Rxb8 35. Bxb8 gxh4 36. Rc8+ Kg7 37. Re8 1/2-1/2

[Event "Ubeda op 5th"]
[Site "Ubeda"]
[Date "2000.01.24"]
[Round "6"]
[White "Aronian, Levon"]
[Black "Timon Piote, Silvia"]
[Result "1-0"]
[WhiteElo "2587"]
[BlackElo "2255"]
[Annotator "Alterman,B"]
[PlyCount "93"]
[EventDate "2000.01.19"]
[EventType "swiss"]
[EventRounds "10"]
[EventCountry "ESP"]
[SourceTitle "CBM 075"]
[Source "ChessBase"]
[SourceDate "2000.04.05"]
[SourceVersion "1"]
[SourceVersionDate "2000.04.05"]
[SourceQuality "1"]

1. Nf3 c5 2. c4 g6 3. e4 Bg7 4. d4 cxd4 5. Nxd4 Nc6 6. Nc2 Nf6 7. Nc3 O-O 8.
Be2 b6 9. O-O Bb7 10. Bg5 (10. Rb1 Ne8 11. Qd2 Nd6 12. f3 f5 13. Nb5 fxe4 14.
Nxd6 exd6 15. Qxd6 Ne5 16. f4 Nd3 17. Bxd3 exd3 18. Qxd3 Re8 19. Bd2 Be4 20.
Qb3 Qh4 21. Rbe1 Qg4 22. c5+ Kh8 23. Ne3 {0-1 Tseshkovsky,V-Gufeld,E/Vilnius
1975/MCL (38)}) (10. f3 d6 11. Rb1 Qb8 12. Qd2 Rd8 13. Ne3 e6 14. Rd1 Rd7 15.
f4 Qf8 16. Bf3 Rad8 17. b3 Bh6 18. g3 e5 19. Ned5 Nxd5 20. Nxd5 {Loret,S-Baume,
C/Paris 1999/EXT 2000/1-0 (47)}) 10... h6 $146 (10... Rc8 11. f3 (11. Ne3 Ne8
12. Ned5 h6 13. Bh4 g5 14. Bg3 e6 15. Ne3 Ne5 16. Qd2 Qe7 17. Rad1 Bc6 18. Kh1
Ng6 19. Nb5 Bxb5 20. cxb5 Nf4 21. Rfe1 Nf6 22. Bf3 Qc5 23. e5 N6h5 24. Qxd7
Nxg3+ 25. hxg3 Ng6 {Zelcic,R-Chatalbashev,B/Star Dojran 1996/EXT 99/0-1 (41)})
11... Ne8 12. Qd2 Nc7 13. Rad1 d6 14. Kh1 Ne6 15. Be3 f5 16. exf5 gxf5 17. f4
Kh8 18. Rfe1 Qd7 19. b3 Ncd8 20. Bf1 Nc5 21. Bd4 Rg8 22. Ne3 e6 23. b4 {
Schlosser,P-Becerra Rivero,J/Cienfuegos 1997/CBM 59/1/2-1/2 (58)}) 11. Be3 Rc8
12. b3 d6 13. Qd2 Kh7 14. Rac1 Ne5 15. f3 Qd7 16. Rfd1 Rfd8 17. Nd5 {Black
played very passive and gets a difficult position after the opening.White's
key idea to move his knight to important square d5, after that black has
difficult choice : to play e6 in some moment - after which black's pawn on d6
will be always weak,or exchange this unpleasant knight and after "ed" white
pressure under the file "e" will be very strong,and blacks pieces with the
limited space for the maneure will feel a discomfort..} Nxd5 18. exd5 Qe8 19.
f4 $6 (19. Nd4 Qf8 20. Re1 $16 {[%cal Ge1e7] Was much logical.}) 19... Nd7 20.
Nd4 Nc5 21. f5 e5 22. fxg6+ fxg6 23. Nb5 a6 24. Nc3 a5 25. Bd3 Rc7 26. Ne4 Rf7
27. Rf1 Bc8 28. Qc2 Nxd3 29. Qxd3 Rb7 30. a4 Bf5 31. h3 Qe7 32. Rf3 Qh4 $2 {
[%mdl 16384] Last chance} (32... Rf8 $1 33. Rcf1 Qh4 34. g4 Bxe4 35. Qxe4 Rxf3
36. Qxf3 e4 37. Qg2 $1 (37. Qxe4 Qg3+) 37... Bc3 $14 {[%cal Gc3b4,Gb4c5]}) 33.
g4 Bxe4 34. Qxe4 Rf8 35. Kg2 Rxf3 36. Qxf3 Rb8 37. Rf1 Rf8 38. Qe2 Rxf1 39.
Qxf1 $18 {[%csl Ra5,Rb6]} e4 40. Qf2 Qe7 41. Qf4 g5 42. Qf5+ Kh8 43. Qc8+ Kh7
44. Bxb6 h5 45. Qe6 Qb7 46. Qxe4+ Kh6 47. gxh5 1-0

[Event "Ubeda op 5th"]
[Site "Ubeda"]
[Date "2000.01.25"]
[Round "7"]
[White "Mateo, Ramon"]
[Black "Aronian, Levon"]
[Result "0-1"]
[WhiteElo "2408"]
[BlackElo "2587"]
[PlyCount "80"]
[EventDate "2000.01.19"]
[EventType "swiss"]
[EventRounds "10"]
[EventCountry "ESP"]
[SourceTitle "CBM 075"]
[Source "ChessBase"]
[SourceDate "2000.04.05"]
[SourceVersion "1"]
[SourceVersionDate "2000.04.05"]
[SourceQuality "1"]

1. e4 c5 2. Nf3 Nc6 3. d4 cxd4 4. Nxd4 g6 5. Nc3 Bg7 6. Nb3 Nf6 7. Be2 O-O 8.
O-O d6 9. Bg5 a6 10. f4 b5 11. Bf3 Bb7 12. Kh1 Nd7 13. Qe1 a5 14. e5 dxe5 15.
Rd1 Qc8 16. Nxb5 a4 17. Nc1 Nc5 18. Bd5 Nd4 19. Nc3 Nce6 20. fxe5 Nxc2 21. Qh4
Nxg5 22. Qxg5 e6 23. Bxb7 Qxb7 24. Nd3 a3 25. bxa3 Rxa3 26. Nc5 Qc7 27. N3e4
Ne3 28. Nd7 Nxf1 29. Nef6+ Kh8 30. Nxf8 Ne3 31. Qh4 h6 32. Qb4 Rd3 33. Rb1 Rc3
34. h4 Qc6 35. Rb2 Bxf6 36. Nxg6+ fxg6 37. exf6 Rc1+ 38. Kh2 Qc7+ 39. g3 Nf1+
40. Kh1 Qc6+ 0-1

[Event "Yerevan zt 1.5"]
[Site "Yerevan"]
[Date "2000.06.10"]
[Round "4"]
[White "Antic, Dejan"]
[Black "Aronian, Levon"]
[Result "1/2-1/2"]
[WhiteElo "2491"]
[BlackElo "2587"]
[Annotator "Meulders,R"]
[PlyCount "88"]
[EventDate "2000.06.07"]
[EventType "swiss"]
[EventRounds "9"]
[EventCountry "ARM"]
[SourceTitle "CBM 078"]
[Source "ChessBase"]
[SourceDate "2000.10.18"]
[SourceVersion "1"]
[SourceVersionDate "2000.10.18"]
[SourceQuality "1"]

1. d4 Nf6 2. c4 c6 3. Nf3 d6 4. Nc3 Nbd7 5. e4 e5 6. Be2 Be7 7. O-O O-O (7...
a6 8. d5 (8. Be3 b5 $5 9. a3 (9. Nd2 exd4 10. Bxd4 b4 11. Na4 c5 12. Be3 O-O
13. f4 Bb7 14. Bf3 Qc7 $13) 9... Bb7 10. b4 O-O 11. dxe5 dxe5 12. c5 $14 {
[%csl Rb7]})) 8. Be3 a6 (8... Qc7 9. d5 c5 10. Nd2 Ne8 11. Rb1 g6 12. b4 cxb4
13. Rxb4 Nc5 14. Nb3 Bd7 15. Bh6 $1 Ng7 16. Nxc5 dxc5 17. Rb2 Rfd8 18. d6 $1
Qxd6 19. Qxd6 Bxd6 20. Bg5 $16 {Danailov,S-Roth,P Wien op 1990 CBM/21}) (8...
Ng4 $5) (8... Ng4 9. Bd2 $14) 9. d5 cxd5 10. cxd5 b5 {Eine wichtige
Entscheidung. Es ist nicht klar ob die Alternativen 10...Ng4 oder 10...Ne8
besser seien.} 11. Nd2 $1 {Verhindert ...Ng4 un dirigiert den Springer zum
Damenflügel.} Qc7 {Dieses Feld ist für die Dame oft nur ein Zwischenstation,
weil sie auf c7 gefährdet ist vom kommenden Rc1.} (11... Nb6 12. a4 $1 $14 bxa4
(12... b4 13. a5 $1 bxc3 14. Bxb6 Qe8 15. bxc3 $16) (12... Nxa4 13. Nxa4 bxa4
14. Qxa4 Bd7 $11) 13. Nxa4 Nxa4 14. Rxa4 Bd7 15. Ra3 {Yakovich,Y-Kremenietsky,
A/Russia 1996/Inf 68/[Yakovich,Y] (21)} (15. Ra2 Qb8 16. f3 Bb5 17. Bxb5 Qxb5
18. Qb3 $14 {Polgar,Zsu-Lobron,E Deutschland Cup 1989 CBM/16}) (15. Rxa6 Rxa6
16. Bxa6 Ng4 {Ribli: 'Weiß hat jetzt einen Bauern mehr, aber Schwarz kann auf
e3 nehmen, wonach er die Herrschaft über die schwarzen Felder erlangt. Das
Läuferpaar bietet ihm jetzt trotz des Minusbauern eine verteidigungsfähige
Stellung.'} 17. Nc4 Nxe3 18. Nxe3 Qa5 19. Qe2 Rb8 $44) 15... a5 (15... Qb8 16.
Rb3 (16. Qb1 Bb5) (16. Qc2 Rc8) (16. Qa1 {[%csl Ra6]} Bb5) 16... Qe8 (16... Bb5
17. Bxb5 axb5 18. Qe2 {[%csl Rb5]} Ra5 19. Rc1 $14 (19. f3) (19. Nc4 $6 {
[%cal Rc4a5]} Ra4 $11 {[%cal Ra4e4]})) (16... Qc8 17. Qb1 $5 (17. Rc3 Qb7 18.
Qc2 Rfb8 19. b3 Bd8 20. Nc4 Qb4 21. f3 $14 {1/2-1/2 Lukacs,P-Anic,D/Budapest
1990 (36)}) 17... Ba4 18. Rc1 Qd7 19. Rbc3 $14 {[%cal Gc1c8,Ge2a6,Ge3a7]} Rfb8
20. b3 {[%cal Gb8b1]} Qe8 (20... Bb5 21. Rc7 (21. Nc4 $14) 21... Qe8 22. Bxb5
axb5 23. Qd3 $14 {[%csl Rb5,Rc6]}) 21. Qc2 {[%csl Ra4][%cal Gc1c8]} Bd7 22. Nc4
$16 {[%csl Ya8,Yc6,Yd7][%cal Gc4a5,Ga5c6,Gc4b6,Gb6d7,Gb6a8] 1-0 Ivanov,
S-Dmitriev,I/Maikop 1998/CBM 66/[Ribli] (61)}) 17. Rb6 Rb8 (17... Qd8 18. Rxa6
(18. Bxa6 Ng4 $5) 18... Rxa6 19. Bxa6 Ng4 $44) 18. f3 Rxb6 19. Bxb6 Qb8 $11 20.
Nc4 Bb5 $6 (20... Rc8 $5 $11) (20... Bd8 $5 $11 {Der schlechte Läufer möchte
seine Lage verbessern.}) 21. Bf2 Bxc4 $2 (21... Nd7 22. Na5 {[%csl Yc6][%cal
Ga5c6]}) (21... Bd8 $5) 22. Bxc4 Qxb2 23. Qa1 $14 {[%csl Ra6] 1-0 Ivanov,
S-Shchukin,D/St Petersburg 1998/CBM 65/[Ribli] (58)}) (15... Bb5 16. f3 Nh5 $6
(16... Qb8 $5 {/\...Bd8,...Bb6; ....Nd7}) 17. Bxb5 axb5 18. Rxa8 Qxa8 19. Qb3
Rb8 20. Rc1 Nf4 21. Kf1 h5 22. g3 Ng6 23. Qa3 $14 {1-0 Yakovich,Y-Kremenietsky,
A/Moscow-ch 1996 (51)}) 16. Qb1 Ng4 17. Bxg4 Bxg4 18. Rc1 Bd7 19. Nc4 a4 20.
Nb6 $14 {1-0 Arkhipov,S-Hickl,J/Lippstadt 1992/CBM 31/[Ribli] (44)}) (11... b4
$6 12. Na4 {[%csl Rb4,Yb6]}) 12. Rc1 (12. Qb1 $5 {[%cal Gf1c1,Gc1c7]} Qb8 13.
b4 {[%cal Gd2b3,Gb3a5,Ga5c6,Ga2a4]} Nb6 14. Nb3 $14 {[%csl Ra5,Rc6]} Bd7 (14...
Ng4 15. Bxg4 Bxg4 16. Na5 $14) (14... Nc4 $6 15. Bxc4 bxc4 16. Na5 $16) 15. Na5
Rc8 16. Rc1 Ra7 {[%cal Ga7c7,Gc8c1]} 17. a4 $6 Rac7 (17... bxa4 $1 18. Nc6 Bxc6
19. dxc6 Rxc6 20. b5 axb5 21. Bxb5 Rc8 22. Bxa4 $13 Rb7 $17) {[#]} 18. axb5 $5
Rxc3 (18... axb5 19. Bd2 $14 (19. Nc6 Bxc6 20. dxc6 Rxc6 21. Nxb5 Rxc1+ 22.
Bxc1 d5 $11) (19. Nxb5 Rxc1+ 20. Bxc1 Nbxd5 $13)) 19. Nc6 Rxc1+ 20. Qxc1 Bxc6
21. bxc6 $44 Qc7 $2 (21... Bd8 $5 22. Bxa6 Rc7 (22... Nxe4 23. Bxc8 Nxc8 24.
Qc4 $14) 23. Bb7 Nfd7 24. Qf1 Rxb7 25. cxb7 Qxb7 26. Qb5 $14) (21... Nxe4 $2
22. Bxa6 Nxd5 23. Bxc8 Qxc8 24. Qc4 Nef6 25. b5 Bd8 26. Ra7 $1 $16) 22. Rxa6
Nbxd5 (22... Rb8 23. Bxb6 Rxb6 24. Rxb6 Qxb6 25. c7 $18) 23. exd5 Nxd5 24. Bg4
$18 {1-0 Kozul,Z-Aronian,L/Portoroz 1999/CBM 72/[Ribli] (30)}) 12... Qb8 (12...
Qb7 13. f3 (13. a4 b4 14. Ncb1 Bd8 15. Nc4 Qb8 (15... Ne8) 16. Nbd2 a5 (16...
Nb6 $5 17. Na5 (17. Qb3 $16) 17... Nbxd5 $17) 17. Bd3 Nb6 18. Nxb6 (18. b3 $5)
18... Bxb6 19. Bxb6 Qxb6 20. Rc6 Qb8 21. Nc4 Rd8 22. Nb6 Ra7 $14 {1/2-1/2 Van
der Sterren,P-Hickl,J/San Bernardino 1992/TD (29)}) 13... Bd8 14. b4 Bb6 15.
Bf2 Ne8 16. g4 g6 $11 {1-0 Esposito,L-Aranovitch,E/Celle Ligure 1995/EXT 99 
(65)}) 13. b4 Nb6 14. Nb3 (14. a4 Nxa4 15. Nxa4 bxa4 16. Qxa4 Bd7 (16... Bd8)
17. Qb3 h6 (17... Ng4 $5) 18. Qb1 Bb5 19. Bxb5 Qxb5 20. Nc4 Rab8 21. Na5 $1 Bd8
(21... Qxb4 $2 22. Nc6 Qb7 23. Nxb8 $18) 22. Nc6 $16 {1-0 Levin,F-Zaid,L/Kiev
1986/EXT 97 (42)}) 14... Bd7 15. Na5 $14 Rc8 16. Qd2 Bd8 (16... Ra7 17. Rc2
Rac7 18. Rfc1 h6 19. g3 Nh7 (19... Nc4 20. Nxc4 bxc4 21. a3) 20. h4 $14 {
1-0 Stohl,I-Grosse Kloenne,E/Pardubice 1994/EXT 97 (29)}) 17. f3 $14 h6 18. Nb1
$5 {[%csl Rc6][%cal Ga5c6] Weiss steht eigentlich ideal, aber die schwarze
Stellung ist fest und wie soll Weiss weiterkommen? Der typische Sprengungszug
a4 ist nicht möglich, weil Schwarz Punkt a4 gut kontrolliert. Feld c6 ist ein
Traumort für Na5, aber solange Schwarz den weissfeldrigen Laüfer hat und auf
c6 tauschen kann, muss Weiss sehr vorsichtig sein damit er den Befreiungszug ..
.d5 nicht zulässt.} Ra7 19. Rxc8 (19. Nc6 $6 Bxc6 20. Rxc6 Rxc6 21. dxc6 d5 $1
22. exd5 Nfxd5 23. Rd1 Be7 $1 24. Bc5 Rc7 $15) 19... Qxc8 20. Rc1 Rc7 21. Nc3
$1 {Weiss vermeidet weitere Taüsche, weil die schwarze Figuren doch ziemlich
verkrampft dabei stehen.} Qb8 22. Nd1 (22. f4 $5 Ng4 $5 23. Bxg4 Bxg4 24. fxe5
(24. Nc6 $2 Rxc6 25. dxc6 Nc4 26. Qf2 Nxe3 $19 (26... Nxe3 27. Qxe3 Bb6)) (24.
f5 Bh5 25. h3 f6 26. Kh2 Nc4 27. Nxc4 Rxc4 28. a3 a5 $15) 24... Nc4 25. Nxc4
Rxc4 26. h3 Bd7 27. exd6 Qxd6 28. a3 Qg6 $44) (22. h3 {/\f4}) 22... Na4 $6 23.
Nc3 (23. Nc6 $1 Qc8 24. Nxd8 Qxd8 25. Bd3 $14) 23... Nb6 24. g3 Rc8 25. Bf1 Nh7
$1 $11 26. h4 Nf8 27. Kh2 Ng6 28. Nd1 Ne7 29. Bf2 (29. Nf2 Na4 30. Nb3 Nb6 31.
Na5 $11) 29... Na4 30. Nb2 Nxb2 31. Qxb2 Rxc1 (31... Bxa5 32. bxa5 f5 33. a4
Rxc1 34. Qxc1 bxa4 35. Bxa6 Qa8 36. Qf1 a3 37. Bb6 a2 38. Bc4 Nc8 39. Qa1 Nxb6
40. axb6 Qb7 41. Qxa2 Qxb6 $11 {/=+}) 32. Qxc1 Bb6 {Endlich wird Schwarz
seinen schlechten Laüfer los.} 33. Bxb6 (33. Qd2 Qa7) 33... Qxb6 $15 34. Qd2
Kf8 {Ein schlauer Zug: Schwarz hat die Stellung ausgeglichen, aber er
unternimmt nichts aktives. Es scheint so als warte er auf einen Fehler des
Gegners.} (34... f5 35. Bh3 Qc7 36. Kg2 fxe4 37. fxe4 Bxh3+ 38. Kxh3 Qc8+ 39.
Kh2 Qg4 40. Nc6 Ng6 41. Qd3) 35. f4 $6 {Ein typisches Verfahren in 
(aufkommenden) Zeitnot: Weiss hat nichts wesentliches erreicht aber fühlt sich
plötzlich gerufen aktiv zu werden, möglicherweise wegen des weissen
Abwartezuges. Er schwächt damit nur seinen Königsflugel und statt an zu
greifen muss er bald für die Verteidigung alle Segel aufziehen.} exf4 36. gxf4
Ng6 $1 37. h5 Nh4 $1 {[%csl Yd2,Yh2][%cal Gh4f3,Gf3h2,Gf3d2]} 38. Bg2 Qd8 $1
39. Nc6 Qf6 40. Bh1 (40. e5 $6 Qf5 $1 {[%csl Rh5]}) 40... g5 (40... Bg4 $5 41.
e5 $5 Qf5 $1 (41... dxe5 $2 42. Nxe5 $1 (42. fxe5 Qf1 $17 (42... Nf3+ $5))
42... Qf5 43. d6 Qxh5 44. Kg1 $18) 42. exd6 Qxh5 43. Kg1 Ng6 $1 $15) 41. Kg3 $1
gxf4+ 42. Qxf4 $11 Qc3+ 43. Kf2 (43. Kxh4 $4 Qh3#) 43... Qb2+ 44. Kg3 Qc3+
1/2-1/2

[Event "ARM-ch"]
[Site "Yerevan"]
[Date "2000.08.31"]
[Round "2"]
[White "Sargissian, Gabriel"]
[Black "Aronian, Levon"]
[Result "1-0"]
[WhiteElo "2474"]
[BlackElo "2551"]
[PlyCount "114"]
[EventDate "2000.08.30"]
[EventType "tourn"]
[EventRounds "9"]
[EventCountry "ARM"]
[EventCategory "11"]
[SourceTitle "CBM 079"]
[Source "ChessBase"]
[SourceDate "2000.11.21"]
[SourceVersion "1"]
[SourceVersionDate "2000.11.21"]
[SourceQuality "1"]

1. Nf3 Nf6 2. c4 e6 3. Nc3 Bb4 4. Qc2 c5 5. a3 Bxc3 6. Qxc3 O-O 7. g3 b6 8. Bg2
Bb7 9. O-O d5 10. d3 a5 11. b3 Nc6 12. Bg5 h6 13. Bxf6 Qxf6 14. Qxf6 gxf6 15.
cxd5 exd5 16. e3 Rac8 17. d4 cxd4 18. exd4 Rc7 19. Rac1 Ba6 20. Rfe1 Bc8 21.
Re3 Bd7 22. Bf1 Ra7 23. Bb5 Rc8 24. Rec3 Ne7 25. Bxd7 Rxc3 26. Rxc3 Rxd7 27.
Kf1 Kf8 28. Ke2 Ke8 29. Nh4 Rd6 30. Ng2 Re6+ 31. Kd3 Kd7 32. Ne3 Re4 33. Rc1 f5
34. f3 Re6 35. Ng2 Ng6 36. b4 Re8 37. bxa5 Ra8 38. axb6 Rxa3+ 39. Ke2 Ra2+ 40.
Kf1 Rb2 41. Rc7+ Ke6 42. Rc6+ Kd7 43. Rf6 Rb1+ 44. Kf2 Rb2+ 45. Kf1 Rb1+ 46.
Ne1 f4 47. Rxf7+ Ke6 48. Rh7 fxg3 49. hxg3 Rxb6 50. Rxh6 Kf7 51. Nd3 Kg7 52.
Rh5 Ne7 53. Ke2 Ra6 54. Nc5 Ra3 55. Kf2 Kg6 56. g4 Ra2+ 57. Ke3 Ra1 1-0

[Event "ARM-ch"]
[Site "Yerevan"]
[Date "2000.09.01"]
[Round "3"]
[White "Aronian, Levon"]
[Black "Nalbandian, Tigran"]
[Result "1/2-1/2"]
[WhiteElo "2551"]
[BlackElo "2465"]
[PlyCount "84"]
[EventDate "2000.08.30"]
[EventType "tourn"]
[EventRounds "9"]
[EventCountry "ARM"]
[EventCategory "11"]
[SourceTitle "CBM 079"]
[Source "ChessBase"]
[SourceDate "2000.11.21"]
[SourceVersion "1"]
[SourceVersionDate "2000.11.21"]
[SourceQuality "1"]

1. e4 Nf6 2. e5 Nd5 3. Nf3 d6 4. d4 Bg4 5. Be2 e6 6. O-O Be7 7. h3 Bh5 8. c4
Nb6 9. Nc3 O-O 10. Be3 d5 11. c5 Bxf3 12. gxf3 Nc8 13. f4 f5 14. Kh2 Kh8 15.
Rg1 Rg8 16. b4 Bh4 17. b5 Ne7 18. Bd3 Qe8 19. a4 Nd7 20. a5 Nf8 21. b6 axb6 22.
cxb6 c6 23. Qd2 h6 24. Na4 Nd7 25. Be2 Qf7 26. Nc5 Nxc5 27. dxc5 g5 28. fxg5 f4
29. Bxf4 Raf8 30. Bg3 Bxg3+ 31. fxg3 Qf2+ 32. Rg2 Qxc5 33. Bg4 Nf5 34. Bxf5
Rxf5 35. Rc1 Qa3 36. gxh6 Rf3 37. Qe1 Re3 38. Qg1 d4 39. Rf1 Qxa5 40. Rf7 Qxe5
41. Rxb7 d3 42. Rd7 Rgxg3 1/2-1/2

[Event "ARM-ch"]
[Site "Yerevan"]
[Date "2000.09.07"]
[Round "8"]
[White "Minasian, Ara"]
[Black "Aronian, Levon"]
[Result "1-0"]
[WhiteElo "2466"]
[BlackElo "2551"]
[PlyCount "49"]
[EventDate "2000.08.30"]
[EventType "tourn"]
[EventRounds "9"]
[EventCountry "ARM"]
[EventCategory "11"]
[SourceTitle "CBM 079"]
[Source "ChessBase"]
[SourceDate "2000.11.21"]
[SourceVersion "1"]
[SourceVersionDate "2000.11.21"]
[SourceQuality "1"]

1. c4 Nf6 2. g3 e5 3. Bg2 d5 4. cxd5 Nxd5 5. Nc3 Nb6 6. Nf3 Nc6 7. a3 Be7 8. b4
O-O 9. O-O Re8 10. b5 Nd4 11. Nxe5 Bf6 12. f4 Bxe5 13. fxe5 Rxe5 14. Rf4 Nxb5
15. Bb2 Nd6 16. Ne4 Re7 17. Qc2 f5 18. Nxd6 cxd6 19. e4 fxe4 20. Bxe4 h6 21.
Bh7+ Kh8 22. Qg6 Nd5 23. Qxh6 Re5 24. Qh4 Bd7 25. Rf8+ 1-0

[Event "ARM-ch"]
[Site "Yerevan"]
[Date "2000.09.08"]
[Round "9"]
[White "Aronian, Levon"]
[Black "Danielian, Elina"]
[Result "1/2-1/2"]
[WhiteElo "2551"]
[BlackElo "2389"]
[PlyCount "76"]
[EventDate "2000.08.30"]
[EventType "tourn"]
[EventRounds "9"]
[EventCountry "ARM"]
[EventCategory "11"]
[SourceTitle "CBM 079"]
[Source "ChessBase"]
[SourceDate "2000.11.21"]
[SourceVersion "1"]
[SourceVersionDate "2000.11.21"]
[SourceQuality "1"]

1. e4 c6 2. d4 d5 3. exd5 cxd5 4. c4 Nf6 5. Nc3 g6 6. Nf3 Bg7 7. Be2 O-O 8. O-O
dxc4 9. Bxc4 a6 10. Ne5 b5 11. Qf3 Ra7 12. Bb3 Bb7 13. Qh3 Nc6 14. Be3 Ra8 15.
a3 Na5 16. Ba2 Rc8 17. Bxf7+ Rxf7 18. Qe6 Qe8 19. Nxf7 Qxf7 20. Qb6 Rxc3 21.
Qd8+ Qf8 22. Qxf8+ Bxf8 23. bxc3 Bc6 24. Ra2 Nd5 25. a4 bxa4 26. Rfa1 Nb3 27.
Rxa4 Nxa1 28. Rxa6 Bb5 29. Rxa1 Nxc3 30. Ra3 Ne4 31. Rb3 Bc4 32. Rb4 Nd6 33.
Bf4 Bd5 34. Ra4 Bg7 35. Ra5 Be4 36. Ra7 Nf5 37. Be5 Bxe5 38. dxe5 Kf7 1/2-1/2